02077nam a22003017a 4500008004100000020001800041040000800059041000800067050002300075100003300098245005300131260004700184300002400231490004100255520105900296650004601355650002801401650003001429650003701459650004501496650003201541650003001573655002701603655002901630942000801659952009301667999001501760251008b |||||||| |||| 00| 0 eng d a9780008722746 ctbs aeng aPZ7.M2695 WAT 2025 aMafi, Tahereh926067eauthor aWatch me b: a shatter me novelc/ Tahereh Mafi. aLondon :bHarperCollins Publishers,c2025. a351 pages ;c22 cm. aShatter me series. vNew republic 1. aJames Anderson had a plan. Or half of one. All that matters is that he managed to do what his older brother, the famous Aaron Warner Anderson, never did: infiltrate Ark Island, the last refuge of The Reestablishment. In the past decade no outsider has breached the stronghold of the authoritarian regime, but James is in. In a prison cell, sure, but as far as James is concerned, a win is a win. It's been ten years since the fall of The Reestablishment. Ten years since the notorious duo--Juliette Ferrars and Aaron Warner Anderson--led a worldwide rebellion and established the New Republic of the West. But after a decade of unsettling quiet, The Reestablishment is ready to make a devastating move, and they have the perfect person for the job. Rosabelle Wolff had a plan. She always has a plan. On Ark Island, where constant surveillance is packaged as security, even emotions must be experienced with caution. A trained assassin, her every movement is monitored by synthetic intelligence--and when she's given an order to kill, she never hesitates. 0aGovernment, Resistance tovFiction925943 0aRevengevFiction911490 0aAssassinsvFiction926068 0aAuthoritarianismvFiction926069 0aMan-woman relationships vFiction911134 0aRevolutionsvFiction926070 0aDystopiasvFiction924119 0aScience fiction922728 0aDystopian fiction925624 2lcc 00102lcc4070aTBSbTBSd2025-10-08l0oP-EN MAFpB07661r2025-10-08t1w2025-10-08y1 c5023d5023